Statistics for Animal Bands

Click here to take the quiz!

General Stats

  • This quiz has been taken 722 times
  • The average score is 7 of 15

Answer Stats

Well Known SongBand% Correct
Hey JudeThe Beatles
97%
Hotel CaliforniaThe Eagles
85%
Kiss By a RoseSeal
66%
I'm a BelieverMonkees
64%
Pour Some Sugar On MeDef Leppard
62%
Born To Be WildSteppenwolf
62%
Here I Go AgainWhite Snake
55%
Don't ChaPussycat Dolls
47%
FirefliesOwl City
40%
Turn! Turn! Turn!The Byrds
36%
I Bet That You Look Good On The DancefloorArctic Monkeys
33%
Wild WorldCat Stevens
29%
Dirty HarryGorillaz
29%
Children Of The RevolutionT Rex
21%
Moving To New YorkThe Wombats
9%

Score Distribution

Percentile by Number Answered

Percent of People with Each Score

Your Score History

You have not taken this quiz